00466nam a2200181Ia 4500008004100000020001800041050001400059100001800073245004700091245005200138260001500190260001600205260000900221300001600230300002000246300001000266500000800276170918s9999 xx 000 0 und d a9780439136365 bR884 1999 aRowling, J.K. aHarry Potter and the prisoner of Askaban / cby J.K. Rowling ; illustrated by Mary Grandpre. aNew York : bScholastic, c1999 a435 pages : billustrations ; c19cm. a880